000 01413nam a2200349 a 4500
001 ebr10196561
003 CaPaEBR
006 m u
007 cr cn|||||||||
008 070706s2007 ne ab sb 001 0 eng
010 _z 2007028073
020 _z9789027252548 (hb : alk. paper)
020 _z9027252548 (hb : alk. paper)
040 _aCaPaEBR
_cCaPaEBR
035 _a(OCoLC)647673112
050 1 4 _aPM7831
_b.S96 2007eb
082 0 4 _a417/.22
_222
245 0 0 _aSynchronic and diachronic perspectives on contact languages
_h[electronic resource] /
_cedited by Magnus Huber, Viveka Velupillai.
260 _aAmsterdam ;
_aPhiladelphia :
_bJohn Benjamins Pub.,
_cc2007.
300 _axii, 370 p. :
_bill., maps.
490 1 _aCreole language library,
_x0920-9026 ;
_vv. 32
504 _aIncludes bibliographical references and index.
533 _aElectronic reproduction.
_bPalo Alto, Calif. :
_cebrary,
_d2013.
_nAvailable via World Wide Web.
_nAccess may be limited to ebrary affiliated libraries.
650 0 _aCreole dialects.
650 0 _aLanguages, Mixed.
655 7 _aElectronic books.
_2local
700 1 _aHuber, Magnus.
700 1 _aVelupillai, Viveka,
_d1974-
710 2 _aebrary, Inc.
830 0 _aCreole language library ;
_vv. 32.
856 4 0 _uhttp://site.ebrary.com/lib/rucke/Doc?id=10196561
_zAn electronic book accessible through the World Wide Web; click to view
999 _c215777
_d215777